|
|
|
|
| LEADER |
01805nam a2200433 a 4500 |
| 001 |
EBC3385677 |
| 003 |
MiAaPQ |
| 005 |
20200520144314.0 |
| 006 |
m o d | |
| 007 |
cr cn||||||||| |
| 008 |
101129s2011 dcuab sb 001 0 eng d |
| 010 |
|
|
|z 2010048990
|
| 020 |
|
|
|z 0881324388
|
| 020 |
|
|
|z 9780881324389
|
| 020 |
|
|
|a 9780881325157 (electronic bk.)
|
| 035 |
|
|
|a (MiAaPQ)EBC3385677
|
| 035 |
|
|
|a (Au-PeEL)EBL3385677
|
| 035 |
|
|
|a (CaPaEBR)ebr10493992
|
| 035 |
|
|
|a (OCoLC)756822461
|
| 040 |
|
|
|a MiAaPQ
|c MiAaPQ
|d MiAaPQ
|
| 043 |
|
|
|a a-kn---
|
| 050 |
|
4 |
|a HC470.2
|b .H34 2011
|
| 082 |
0 |
4 |
|a 330.95193
|2 22
|
| 100 |
1 |
|
|a Haggard, Stephan.
|
| 245 |
1 |
0 |
|a Witness to transformation
|h [electronic resource] :
|b refugee insights into North Korea /
|c Stephan Haggard and Marcus Noland.
|
| 260 |
|
|
|a Washington, D.C. :
|b Peterson Institute For International Economics,
|c 2011.
|
| 300 |
|
|
|a xvii, 182 p. :
|b ill., map.
|
| 504 |
|
|
|a Includes bibliographical references and index.
|
| 505 |
0 |
|
|a Introduction -- Perils of refugee life -- Marketization, reform, and retrenchment -- The penal system and criminalization of economic activity -- Political attitudes and nascent dissent -- Conclusion.
|
| 533 |
|
|
|a Electronic reproduction. Ann Arbor, MI : ProQuest, 2015. Available via World Wide Web. Access may be limited to ProQuest affiliated libraries.
|
| 650 |
|
0 |
|a Refugees
|z Korea (North)
|
| 651 |
|
0 |
|a Korea (North)
|x Economic conditions.
|
| 651 |
|
0 |
|a Korea (North)
|x Social conditions.
|
| 651 |
|
0 |
|a Korea (North)
|x Economic policy.
|
| 651 |
|
0 |
|a Korea (North)
|x Social policy.
|
| 655 |
|
4 |
|a Electronic books.
|
| 700 |
1 |
|
|a Noland, Marcus,
|d 1959-
|
| 710 |
2 |
|
|a ProQuest (Firm)
|
| 856 |
4 |
0 |
|u https://ebookcentral.proquest.com/lib/matrademy/detail.action?docID=3385677
|z Click to View
|